Words Containing First Names - Statistics

General Stats
  • This quiz has been taken 1,695 times
    1,476 since last reset
  • The average score is 19 of 25
Answer Stats
Word Hint Answer % Correct
European country Den{mark}
97%
Fruit... or is it a vegetable? {Tom}ato
94%
Denim trousers {Jean}s
91%
The greatest quantity {Max}imum
90%
Something causing difficulty P{rob}lem
89%
Help or advice for something Gui{dan}ce
87%
Five line poem / city in Ireland Lim{eric}k
87%
Stringed instruments Ban{joe}s
86%
Landlocked country in Africa {Chad}
85%
Large city in Alberta, Canada Cal{gary}
83%
Relationship with only one partner Monog{amy}
83%
Fragrant herb Rose{mary}
83%
Honest, sincere T{ruth}ful
82%
Country in the Middle East {Jordan}
81%
Legislative body of government Par{liam}ent
80%
Situation with a difficult choice Dil{emma}
77%
The Capital of Guyana {George}town
76%
Dead human body Ca{dave}r
75%
Common sugar Suc{rose}
75%
Tool used to drill rocks {Jack}hammer
69%
Not ready or eager to do something Un{will}ing
59%
City in Switzerland Laus{anne}
58%
Shockingly unacceptable Dis{grace}ful
56%
The chemical compound CH₄ M{ethan}e
47%
Refusing to be persuaded {Adam}ant
35%
No matching quizzes found
Score Distribution
Percent of People with Each Score
Percentile by Number Answered
Your Score History
You have not taken this quiz since the last reset